Moll Flanders
Guardat en:
| Autor principal: | |
|---|---|
| Format: | Llibre |
| Idioma: | anglès |
| Publicat: |
Nueva York
New American Library
1964
|
| Col·lecció: | Signet Classic
|
| Matèries: | |
| Etiquetes: |
Afegir etiqueta
Sense etiquetes, Sigues el primer a etiquetar aquest registre!
|
MARC
| LEADER | 00000nam a2200000 a 4500 | ||
|---|---|---|---|
| 001 | UCQ3168 | ||
| 003 | CL-VaPUC | ||
| 008 | 980817e19640000US |||||||||||||||||eng|d | ||
| 082 | 0 | 4 | |a 823 |b DEF |2 21 |
| 100 | |a Defoe, Daniel |e author |9 338739 | ||
| 245 | 1 | 0 | |a Moll Flanders |
| 300 | |a 317 p | ||
| 942 | |c BK | ||
| 945 | |d 19980817 00:00:00 |a crobeson | ||
| 260 | |a Nueva York |b New American Library |c 1964 | ||
| 650 | 0 | |a Novelas inglesas |9 265220 | |
| 650 | 0 | |a Literatura inglesa |9 312907 | |
| 583 | |a last modification |c 19980817 00:00:00 |k Rodrigo Vera | ||
| 490 | 0 | |a Signet Classic | |
| 999 | |c 273767 |d 273765 | ||
| 952 | |0 0 |1 0 |4 0 |6 823_000000000000000_DEF_1964 |7 0 |8 A |9 309623 |a BIBEDU |b BIBEDU |d 2019-11-20 |i 145210K |o 823 DEF 1964 |p 145210K |r 2019-11-20 |w 2019-11-20 |y BK |k LIT | ||